Tell it to the dead : stories of a war /

Bibliographic Details
Main Author: Kirk, Donald, 1938-
Format: Book
Language:English
Published: Armonk, N.Y. : M.E. Sharpe, 1996.
Edition:New ed.
Subjects:

MARC

Tag First Indicator Second Indicator Subfields
LEADER 00000cam a2200000 a 4500
001 in00001328014
005 20151005072800.0
008 951221r19961975nyubf 001 0deng
010 |a  95053180  
020 |a 1563247178 (hardcover) 
020 |a 1563247186 (pbk.) 
035 |a (OCoLC)34029825 
035 |9 AHC7100AM 
040 |a DLC  |c DLC  |d TXA  |d UtOrBLW 
049 |a TXAM 
050 0 0 |a DS559.5  |b .K57 1996 
082 0 0 |a 959.704/38  |2 20 
100 1 |a Kirk, Donald,  |d 1938- 
245 1 0 |a Tell it to the dead :  |b stories of a war /  |c Donald Kirk ; foreword by Arthur J. Dommen; photographs by Donald Kirk. 
250 |a New ed. 
264 1 |a Armonk, N.Y. :  |b M.E. Sharpe,  |c 1996. 
300 |a xxiii, 280 pages, 15 unnumbered pages of plates :  |b map ;  |c 23 cm. 
336 |a text  |b txt  |2 rdacontent 
337 |a unmediated  |b n  |2 rdamedia 
338 |a volume  |b nc  |2 rdacarrier 
500 |a Originally published: Chicago : Nelson-Hall, 1975, with subtitle: Memories of a war. 
500 |a "East gate books". 
500 |a Includes index. 
650 0 |a Vietnam War, 1961-1975  |v Personal narratives, American. 
999 |a MARS 
999 f f |s bc08d79d-0415-3276-afed-3934b276d0c9  |i 30e574f9-4324-3a28-929c-1d8d00ce4a3b  |t 0 
952 f f |p ric  |a Texas A&M University  |b Rellis Campus  |c Joint Library Facility  |d Remote Storage  |t 0  |e DS559.5 .K57 1996  |h Library of Congress classification  |i unmediated -- volume  |m A14820537202 
998 f f |a DS559.5 .K57 1996  |t 0  |l Remote Storage